000 01049nam a22002897a 4500
001 4532
003 FISKH
005 20240913112141.0
008 240913b cb ||||| |||| 00| 0 eng d
020 _a078073004508
040 _aFISKH
_beng
_cFISKH
_dFISKH
050 _aPZ7.M3567585
082 _a813.54
100 _aMartin, Ann M.
_eauthor
245 _aBaby-sitters on board ! /
_cby Ann M. Martin
250 _aFirst Scholastic printing, July 1988
260 _aNew York :
_bScholastic ;
_c1988 .
300 _a231 pages :
_billustrations ;
_c20 cm .
490 _aThe Baby-Sitters Club Super Special (1)
505 _aO
520 _aKristy, Mary Anne, Stacey, Claudia, and Dawn are the luckiest baby-sitters in the world. This summer they're going on the greatest trip ever: a plane ride to Florida, a boat trip around the Bahamas, and then three days of fun -- in Disney World!
521 8 _a610
_bLexile
521 8 _aO
_bRaz-Plus
650 _ababysitters
_vfiction
942 _2ddc
_cBK
_n0
999 _c4532
_d4532